| 000 | 01512nam0a22003251 4500 | ||
|---|---|---|---|
| 001 | RU\INFOCOMM_322\NLR\5000210377 | ||
| 005 | 20250613111744.0 | ||
| 010 |
_93100 экз. _a2-86901-068-0 |
||
| 035 | _a(NLR Aleph) 009595405 | ||
| 090 |
_a9276823 _c9276823 |
||
| 100 | _a20130304d1992 |||y0rusy50 ca | ||
| 101 | 1 |
_afre _crus |
|
| 102 |
_aFR _aRU |
||
| 105 | _ay z ||||| | ||
| 200 | 1 |
_aLe musée des beaux-arts Pouchkine _e[Album _fIntrod.: Irina Antonova _gRéalisation: Evgueni Levitine _gComment.: Natalia Alexandrova et al. _gTrad. du russe par Gilles Chenesseau] |
|
| 210 |
_a[Gennevilliers] _cArs mundi _aSt.-Pétersbourg _cAurora _d1992 |
||
| 215 |
_a287 с. _cил., цв. ил. _d34 см |
||
| 300 | _aВ вып. дан. на вклейке: Государственный музей изобразительных искусств имени А. С. Пушкина, Москва: Альбом / Сост. Е. С. Левитин | ||
| 606 | 0 |
_aИскусство _xСобрания _yМузей изобразительных искусств. Москва _2nlr_sh1 |
|
| 620 | _aСанкт-Петербург | ||
| 686 |
_aЩ103(0)л61 _2rubbk |
||
| 686 |
_aЩ103(2Р)-2Москва2 _2rubbk |
||
| 702 | 1 |
_9z01790 _aLevitin _bE. S. _gEvgenij Semenovič _4220 |
|
| 710 | 0 | 2 |
_aMusée des beaux-arts Pouchkine _cMoscou _4070 |
| 790 | 1 |
_9z01702 _aLevitine _bE. _gEvgueni _4220 |
|
| 801 | 1 |
_aRU _bInfocomm _c20130304 |
|
| 801 | 0 |
_aRU _bINFOCOMM _gPSBO |
|
| 852 |
_aNLR _jЭ АлИс134/2-М821 |
||
| 942 | _cBOOK | ||
| 980 | _aNB | ||